<?xml version="1.0" encoding="UTF-8"?>
<marc:record xmlns:marc="http://www.loc.gov/MARC21/slim">
   <marc:leader>00000nam a2200000 a 4500</marc:leader>
   <marc:datafield ind1="1" ind2=" " tag="100">
      <marc:subfield code="a">Funke, Cornelia</marc:subfield>
      <marc:subfield code="4">aut</marc:subfield>
      <marc:subfield code="e">Verfasser/-in</marc:subfield>
   </marc:datafield>
   <marc:datafield ind1=" " ind2=" " tag="653">
      <marc:subfield code="a">Helden</marc:subfield>
   </marc:datafield>
   <marc:datafield ind1=" " ind2=" " tag="653">
      <marc:subfield code="a">Abenteuer</marc:subfield>
   </marc:datafield>
   <marc:datafield ind1=" " ind2=" " tag="653">
      <marc:subfield code="a">spannend</marc:subfield>
   </marc:datafield>
   <marc:datafield ind1="0" ind2="0" tag="245">
      <marc:subfield code="a">Cornelia Funke erzählt von Bücherfressern, Dachbodengespenstern und anderen Helden</marc:subfield>
   </marc:datafield>
   <marc:datafield ind1="0" ind2="0" tag="245">
      <marc:subfield code="c">Cornelia Funke</marc:subfield>
   </marc:datafield>
   <marc:datafield ind1=" " ind2="1" tag="264">
      <marc:subfield code="a">Bindlach</marc:subfield>
      <marc:subfield code="b">Loewe</marc:subfield>
      <marc:subfield code="c">2007</marc:subfield>
   </marc:datafield>
   <marc:datafield ind1=" " ind2=" " tag="250">
      <marc:subfield code="a">veränderte Neuausg.</marc:subfield>
   </marc:datafield>
   <marc:datafield ind1="1" ind2=" " tag="520">
      <marc:subfield code="a">Quelle: bn.bibliotheksnachrichten (http://www.biblio.at/literatur/bn/index.html); #Autor: Martina Rényi; #Schaurig-schöne Neuausgabe einer Geschichtensammlung der bei Jung und Alt beliebten Autorin. (ab 8) (JE)##Von Kühlschrankmonstern, namenlosen Rittern, schaurig-schönen Geisterbahnen oder kontaktfreudigen Nixen wird in dieser neu aufgelegten Geschichtensammlung von Cornelia Funke berichtet, die sich sowohl zum Vor- als auch Selberlesen eignet. Das leinengebundene und mit Lesebändchen ausgestattete Buch vereint zahlreiche Texte aus der für noch ungeübte LeserInnen beliebten Leselöwen-Reihe. Klare kurze Sätze, ein dem LeserInnenalter angepasstes Figureninventar, ein etwas größeres Schriftbild und zahlreiche Farbillustrationen erleichtern das Lesevergnügen und regen zu eigenen Phantasien an.#Für jede Bücherei ein empfehlenswertes Buch, das aufgrund des klingenden Namens der Autorin und des aus verschiedenen beliebten Genres zusammengestellten Geschichtenkanons sicher nicht lange in den Regalen verbleiben wird.</marc:subfield>
   </marc:datafield>
   <marc:datafield ind1=" " ind2=" " tag="020">
      <marc:subfield code="a">9783785560563</marc:subfield>
      <marc:subfield code="9">9783785560563</marc:subfield>
   </marc:datafield>
   <marc:datafield ind1=" " ind2=" " tag="041">
      <marc:subfield code="a">ger</marc:subfield>
   </marc:datafield>
   <marc:datafield ind1=" " ind2=" " tag="300">
      <marc:subfield code="a">195 S.</marc:subfield>
   </marc:datafield>
</marc:record>
